Statistics for All The Loud House Episodes (Shorts - Season 3)

Click here to take the quiz!

General Stats

  • This quiz has been taken 34 times
  • The average score is 80 of 153

Answer Stats

Episode In SeasonSeasonAirdateEpisode% Correct
1ShortsJune 5, 2014Bathroom Break!!
83%
1aSeason 1May 2, 2016Left In The Dark
79%
5bSeason 3February 9, 2018Fool Me Twice
71%
1bSeason 1May 2, 2016Get The Message
71%
17Season 3November 23, 2018Really Loud Music
71%
24Season 2October 13, 2017Tricked!
71%
1Season 3June 25, 2018Tripped!
71%
4bSeason 2January 12, 2017Back In Black
67%
11aSeason 1June 9, 2016Butterfly Effect
67%
13bSeason 1June 10, 2016It's A Loud, Loud, Loud, Loud House
67%
12bSeason 2June 15, 2017L Is For Love
67%
1Season 2November 25, 201611 Louds A Leapin'
63%
18aSeason 1September 23, 2016April Fools Rules
63%
12bSeason 1May 4, 2016Chore And Peace
63%
3aSeason 1May 9, 2016Driving Miss Hazy
63%
13aSeason 1June 6, 2016For Bros About To Rock
63%
26bSeason 1September 22, 2016Homespun
63%
2bSeason 3February 2, 2018Insta-gran
63%
19bSeason 2July 28, 2017Lynner Takes All
63%
6aSeason 3March 9, 2018Net Gains
63%
7bSeason 3April 6, 2018Rita Her Rights
63%
13aSeason 3June 28, 2018Ruthless People
63%
15bSeason 1August 4, 2016Save The Date
63%
26aSeason 2December 1, 2017Snow Way Down
63%
26bSeason 2December 1, 2017Snow Way Out
63%
12aSeason 1May 4, 2016Along Came A Sister
58%
4bSeason 1May 6, 2016A Tale Of Two Tables
58%
5aSeason 3February 9, 2018City Slickers
58%
15aSeason 1August 1, 2016Cover Girls
58%
3ShortsJuly 21, 2017Deuces Wild!
58%
19aSeason 3October 9, 2018Everybody Loves Leni
58%
16aSeason 2June 13, 2017Fool's Paradise
58%
10aSeason 1May 16, 2016Hand-Me-Downer
58%
2aSeason 1May 3, 2016Heavy Meddle
58%
19aSeason 1September 13, 2016Lincoln Loud:Girl Guru
58%
8aSeason 1May 13, 2016Linc Or Swim
58%
19bSeason 3October 10, 2018Middle Men
58%
8aSeason 2March 13, 2017No Such Luck
58%
12aSeason 2June 14, 2017Potty Mouth
58%
3aSeason 3January 19, 2018Roadie To Nowhere
58%
2ShortsApril 15, 2016Slice Of Life
58%
26aSeason 1October 20, 2016Study Muffin
58%
11bSeason 1June 8, 2016The Green House
58%
13Season 2May 29, 2017The Loudest Mission: Relative Chaos
58%
21Season 3November 12, 2018The Loudest Thanksgiving
58%
2bSeason 2November 10, 2016The Old And The Restless
58%
14aSeason 1July 21, 2016Toads And Tiaras
58%
7bSeason 1May 12, 2016Undie Pressure
58%
2aSeason 3February 2, 2018White Hare
58%
3bSeason 3January 19, 2018A Fridge Too Far
54%
15bSeason 3August 2, 2018Be Stella My Heart
54%
3bSeason 2January 11, 2017Brawl In The Family
54%
8bSeason 1May 18, 2016Changing The Baby
54%
22aSeason 1September 19, 2016Dance Dance, Resolution
54%
22bSeason 3January 21, 2019Driving Ambition
54%
10bSeason 3June 7, 2018Friendzy
54%
8bSeason 2March 14, 2017Frog Wild
54%
24aSeason 1November 7, 2016Funny Business
54%
17bSeason 2July 24, 2017Garage Banned
54%
17aSeason 1July 18, 2016House Music
54%
18aSeason 3September 17, 2018House Of Lies
54%
3bSeason 1May 10, 2016No Guts, No Glori
54%
23bSeason 2October 18, 2017Not A Loud
54%
25bSeason 1October 15, 2016One Flu Over The Loud House
54%
9bSeason 2April 11, 2017Party Down
54%
7aSeason 1May 11, 2016Picture Perfect
54%
6bSeason 3March 16, 2018Pipe Dreams
54%
4aSeason 3January 26, 2018Selfie Improvement
54%
6aSeason 1May 19, 2016Sound Of Silence
54%
6bSeason 1May 20, 2016Space Invader
54%
20bSeason 3October 12, 2018Tea Tale Heart
54%
9aSeason 3June 5, 2018The Mad Scientist
54%
4aSeason 1May 6, 2016The Sweet Spot
54%
14bSeason 1July 19, 2016Two Boys And A Baby
54%
4ShortsDecember 16, 201712 Days Of Christmas
50%
22bSeason 1September 20, 2016A Fair To Remember
50%
19bSeason 1September 12, 2016Come Sale Away
50%
14bSeason 3July 20, 2018Crimes Of Fashion
50%
20bSeason 2September 20, 2017Friend Or Faux?
50%
23bSeason 32019Hero Today, Gone Tomorrow
50%
23aSeason 32019Home Of The Fave
50%
2aSeason 2November 9, 2016Intern For The Worse
50%
20aSeason 3October 11, 2018Jeers For Fears
50%
22aSeason 2November 11, 2017Legends
50%
7aSeason 2February 22, 2017Lock N' Loud
50%
2bSeason 1May 3, 2016Making The Case
50%
9bSeason 3September 20, 2018Missed Connection
50%
21aSeason 2September 21, 2017No Laughing Matter
50%
21bSeason 2October 16, 2017No Spoilers
50%
16bSeason 1August 2, 2016Out On A Limo
50%
9aSeason 1July 20, 2016Overnight Success
50%
11aSeason 3June 26, 2018Pasture Bedtime
50%
6aSeason 2March 15, 2017Patching Things Up
50%
11bSeason 2May 15, 2017Pets Peeved
50%
22aSeason 3January 21, 2019Predict Ability
50%
11aSeason 2April 14, 2017Pulp Friction
50%
23aSeason 2October 17, 2017Read Aloud
50%
14bSeason 2May 17, 2017Room With A Feud
50%
14aSeason 3July 20, 2018Scales Of Justice
50%
11bSeason 3June 26, 2018Shop Girl
50%
10bSeason 1May 17, 2016Sleuth Or Consequences
50%
24bSeason 1November 8, 2016Snow Bored
50%
15bSeason 2May 18, 2017Spell It Out
50%
21aSeason 1September 16, 2016The Loudest Yard
50%
25aSeason 1October 15, 2016The Price Of Admission
50%
16bSeason 3September 19, 2018The Spies Who Loved Me
50%
20bSeason 1September 15, 2016The Waiting Game
50%
5bSeason 2February 23, 2017Vantastic Voyage
50%
13bSeason 3June 27, 2018What Wood Lincoln Do?
50%
16aSeason 1August 3, 2016Attention Deficit
46%
15aSeason 2June 12, 2017Back Out There
46%
12bSeason 3July 30, 2018Breaking Dad
46%
7aSeason 3March 30, 2018Fandom Pains
46%
18bSeason 3September 17, 2018Game Boys
46%
12aSeason 3August 1, 2018Gown And Out
46%
8bSeason 3June 4, 2018Head Poet's Anxiety
46%
5aSeason 2February 24, 2017Making The Grade
46%
22bSeason 2November 11, 2017Mall Of Duty
46%
4bSeason 3January 26, 2018No Place Like Homeschool
46%
23aSeason 1October 17, 2016One Of The Boys
46%
14aSeason 2May 16, 2017Out Of The Picture
46%
5aSeason 1May 5, 2016Project Loud House
46%
24bSeason 32019Racing Hearts
46%
10bSeason 2April 13, 2017Shell Shock
46%
4aSeason 2January 9, 2017Suite And Sour
46%
20aSeason 2September 19, 2017Yes Man
46%
15aSeason 3July 31, 2018Absent Minded
42%
17bSeason 1July 22, 2016A Novel Idea
42%
25bSeason 2November 24, 2017Anti-Social
42%
23bSeason 1September 21, 2016A Tattler's Tale
42%
3aSeason 2January 10, 2017Baby Steps
42%
18aSeason 2July 26, 2017Change Of Heart
42%
6bSeason 2March 16, 2017Cheater By The Dozen
42%
3International ShortsAugust 26, 2018 (Israel)Clyde And His Dads
42%
19aSeason 2September 18, 2017Future Tense
42%
16bSeason 2July 25, 2017Job Insecurity
42%
21bSeason 1October 19, 2016Raw Deal
42%
16aSeason 3September 18, 2018Sitting Bull
42%
8aSeason 3April 13, 2018Teachers' Union
42%
25aSeason 2November 24, 2017The Crying Dame
42%
7bSeason 2February 21, 2017The Whole Picture
42%
24aSeason 32019The Write Stuff
42%
17aSeason 2July 24, 2017ARGGH! You For Real
38%
10aSeason 3June 6, 2018Deal Me Out
38%
5bSeason 1May 5, 2016In Tents Debate
38%
9aSeason 2April 10, 2017Kick The Bucket List
38%
20aSeason 1September 14, 2016Roughin' It
38%
9bSeason 1June 7, 2016Ties That Bind
38%
18bSeason 1October 18, 2016Cereal Offender
33%
10aSeason 2April 12, 2017Fed Up
33%
18bSeason 2July 27, 2017Health Kicked
33%
1 International ShortsJune 11, 2018 (Germany)Robot Sitcom
33%
2International ShortsJuly 2, 2018 (Israel)So Long, Sucker
29%

Score Distribution

Percentile by Number Answered

Percent of People with Each Score

Your Score History

You have not taken this quiz